Anem al teatre : el Garraf : educació infantil, primària i secundària : l'oferta de la Diputació de Barcelona i del teu Ajuntament : curs el Garraf :
Descripción Física:
Il·lustracions ; 24 cm
Materias:
Teatre -- Garraf (Catalunya) -- Guies
; Música -- Garraf (Catalunya) -- Guies
; Dansa -- Garraf (Catalunya) -- Guies
; Cultura i lleure -- Garraf (Catalunya)
Idioma:
Catalán
MARC
| LEADER | 00000nam a2200000Ia 4500 | ||
|---|---|---|---|
| 001 | 15363, 17881, 17682, 19526, 21690, 22938, 23218, 24032, 25995, 26000, 26008 | ||
| 003 | Arxiu | ||
| 005 | 20260324181511.0 | ||
| 008 | 160829s2003 spca xx cat c | ||
| 017 | |a DL B 16681-2016 | ||
| 017 | |a DL B 14345-2019 | ||
| 017 | |a DL B 13525-2018 | ||
| 040 | |a AGDB | ||
| 080 | |a FU-33-75, FU-2-42, FU-15-2, FU-7-42, FU-43-37, FU-56-75, FU-59-63, FU-64-8 | ||
| 080 | |a FU-71-13 | ||
| 080 | |a FU-71-18 | ||
| 080 | |a FU-71-26 | ||
| 245 | |a Anem al teatre : |b el Garraf : |b educació infantil, primària i secundària : |b l'oferta de la Diputació de Barcelona i del teu Ajuntament : |b curs | ||
| 246 | 3 | 3 | |a Anem al teatre : el Garraf |b teatre, música i dansa per a educació infantil i primària : l'oferta de la Diputació de Barcelona i del vostre Ajuntament |
| 260 | |a Barcelona : |b Diputació de Barcelona. Àrea de Cultura. Àrea d'Educació, |c 2003- | ||
| 300 | |b Il·lustracions ; |c 24 cm | ||
| 490 | 1 | |a Anem al teatre | |
| 500 | |a A partir de 2018: Anem al teatre : educació infantil, primària i secundària : l'oferta de la Diputació de Barcelona i del teu Ajuntament | ||
| 500 | |a A la portada: Arts escèniques i musicals | ||
| 590 | |a A la portada: Ajuntaments del Garraf i el Centre de Recursos Pedagògics del Garraf | ||
| 590 | |a A partir de 2016, editat per Diputació de Barcelona. Àrea de Cultura, Educació i Esports i Ajuntaments del Garraf | ||
| 650 | 0 | |a Teatre |z Garraf (Catalunya) |v Guies |9 49138 | |
| 650 | 0 | |a Música |z Garraf (Catalunya) |v Guies |9 49139 | |
| 650 | 0 | |a Dansa |z Garraf (Catalunya) |v Guies |9 49140 | |
| 650 | 0 | |a Cultura i lleure |z Garraf (Catalunya) |9 49141 | |
| 710 | 2 | |a Centre de Recursos Pedagògics del Garraf |9 53538 | |
| 710 | 1 | |a Barcelona (Catalunya : Província). |b Àrea de Cultura |9 53536 | |
| 710 | |a Barcelona (Catalunya : Província). |b Àrea d'Educació |9 8009 | ||
| 710 | 1 | |a Barcelona (Catalunya : Província). |b Àrea de Cultura, Educació i Esports |9 52666 | |
| 830 | 0 | |9 56316 |a Anem al teatre (Barcelona (Catalunya : Província). Diputació) | |
| 866 | |a 2003-2004 (2a ed.), 2005-2006 (4a ed.), 2006-2007 (5a ed.), 2007-2008 (6a ed.), 2008-2009 (7a ed.), 2010-2011 (9a ed.), 2011-2012 (10a ed.), 2013-2014 (11a ed.), 2016-17 (14a ed.), 2018-19 (16a ed.), 2019-20 (17a ed.) | ||
| 901 | |a Arxiu | ||
| 942 | |n 1 |2 udc |c ARXIU | ||
| 952 | |0 0 |1 0 |4 0 |7 1 |9 55114 |a Arxiu |b Arxiu |d 2016-12-01 |h 2007-08 (6a ed.) |o FU-7-42 |p 19526 |r 2016-12-01 00:00:00 |w 2016-12-01 |y ARXIU | ||
| 952 | |0 0 |1 0 |4 0 |7 1 |9 62460 |a Arxiu |b Arxiu |d 2022-06-20 |h 2016-17 (14a ed.) |o FU-71-13 |p 25995 |r 2022-06-20 00:00:00 |w 2022-06-20 |y ARXIU | ||
| 952 | |0 0 |1 0 |4 0 |6 FU7118 |7 1 |9 62466 |a Arxiu |b Arxiu |d 2022-06-20 |h 2019-20 (17a ed.) |l 0 |o FU-71-18 |p 26000 |r 2022-06-20 00:00:00 |w 2022-06-20 |y ARXIU | ||
| 952 | |0 0 |1 0 |4 0 |6 FU7126 |7 1 |9 62472 |a Arxiu |b Arxiu |d 2022-06-20 |h 2018-19 (16a ed.) |l 0 |o FU-71-26 |p 26008 |r 2022-06-20 00:00:00 |w 2022-06-20 |y ARXIU | ||
| 952 | |0 0 |1 0 |4 0 |7 1 |9 65655 |a Arxiu |b Arxiu |d 2023-03-15 |h 2006-07 (5a ed.) |o FU-15-2 |p 17682 |r 2023-03-15 00:00:00 |w 2023-03-15 |y ARXIU | ||
| 952 | |0 0 |1 0 |4 0 |7 1 |9 65898 |a Arxiu |b Arxiu |d 2023-03-30 |h 2003-04 (2a ed.) |o FU-33-75 |p 15363 |r 2023-03-30 00:00:00 |w 2023-03-30 |y ARXIU | ||
| 952 | |0 0 |1 0 |4 0 |6 FU4337 |7 1 |9 65993 |a Arxiu |b Arxiu |d 2023-04-05 |h 2008-09 (7a ed.) |l 0 |o FU-43-37 |p 21690 |r 2023-04-05 00:00:00 |w 2023-04-05 |y ARXIU | ||
| 952 | |0 0 |1 0 |4 0 |6 FU5675 |7 1 |9 66086 |a Arxiu |b Arxiu |d 2023-04-13 |h 2010-11 (9a ed.) |l 0 |o FU-56-75 |p 22938 |r 2023-04-13 00:00:00 |w 2023-04-13 |y ARXIU | ||
| 952 | |0 0 |1 0 |4 0 |6 FU5963 |7 1 |9 66109 |a Arxiu |b Arxiu |d 2023-04-13 |h 2011-12 (10a ed.) |l 0 |o FU-59-63 |p 23218 |r 2023-04-13 00:00:00 |w 2023-04-13 |y ARXIU | ||
| 952 | |0 0 |1 0 |4 0 |6 FU648 |7 1 |9 66158 |a Arxiu |b Arxiu |d 2023-04-18 |h 2013-14 (11a ed.) |l 0 |o FU-64-8 |p 24032 |r 2023-04-18 00:00:00 |w 2023-04-18 |y ARXIU | ||
| 952 | |0 0 |1 0 |4 0 |6 FU242 |7 1 |9 66205 |a Arxiu |b Arxiu |d 2023-04-27 |h 2005-06 (4a ed.) |l 0 |o FU-2-42 |p 17881 |r 2023-04-27 00:00:00 |w 2023-04-27 |y ARXIU | ||
| 999 | |c 58986 |d 58986 | ||